01651nam a22003857a 4500003000500000005001700005008004100022010001000063011001000073035001100083040000900094090001000103100004400113245015200157260004000309300002900349502006900378590003700447590004100484590004100525590004100566590004200607650003700649650001800686650003400704650003200738901000700770905002400777942000900801949006900810949007400879999001700953952015000970952014501120CHAP20220329143203.0061127d2006    mx ad   r     00110 spa d  a93071  a94043  a104627  cCHAP  aTesis1 aSuárez Santana, Juan Antonio.911072610aFertilidad de los suelos y recomendación de fertilización en el rosal (Rosa sp) de Coatepec Harinas, Méx.c/por Juan Antonio Suárez Santana  aChapingo, Méx. :bEl autor,c2006  a67 h. :bilus. ; cuadros  aTesis (Ing. Agr. Esp. en Suelos) -- UACH. Departamento de Suelos  aALEPHb10c20130110lUCH01h1515  aBATCH-UPDb10c20130110lUCH01h0801  aBATCH-UPDb10c20130410lUCH01h0439  aBATCH-UPDb10c20130914lUCH01h1919  aCONVERSIONb10c20130109lUCH01h135114aPlantasxFertilización.98883814aRosas.99995914aRosasxMéxico (Edo.)99998014aSuelosxFertilidad.9110367  aBK  aMarco A. Mendoza T.  cFOLL  aTesisbBCcTESd33724002008470eTS1gDonaciØnh46083i104627sb  aTesisbBCcTESd33724002008488eTS2fc.2gDonaciØnh46084i104627si  c93071d93071  00102local4053708TESISaBCbBCcPA_TESISd2019-12-31eDonacionfTESISl0oTesisp33724002008488r2019-12-31 00:00:00tc.2w2019-12-31yTESIS  00102local4051708TESISaBCbBCcPA_TESISd2019-12-31eDonacionfTESISl0oTesisp33724002008470r2019-12-31 00:00:00w2019-12-31yTESIS